Statistics for All Modern Tanks by Picture

Click here to take the quiz!

General Stats

  • This quiz has been taken 114 times
    (106 since last reset)
  • The average score is 18 of 44

Answer Stats

Answer% Correct
M1 Abrams
99%
Leopard 2
87%
Leopard 1
80%
Challenger 2
79%
T-90
79%
T-72
78%
T-80
76%
T-14 Armata
75%
Merkava
74%
Challenger 1
70%
Leclerc
67%
Abrams X
66%
Challenger 3
62%
KF51 Panther
62%
K2 Black Panther
54%
Type 99
53%
Type 90
51%
C1 Ariete
45%
Type 10
43%
T-84 Oplot
41%
VT2
39%
Chieftain
36%
Thumper
34%
K1-88
32%
VT1
26%
VT5
26%
VT3
25%
Arjun
22%
VT4
21%
Olifant
20%
PT-91 Twardy
18%
Stridsvagn 122
18%
Altay
16%
M-84
13%
Eurotank
11%
M2020
11%
Karrar
8%
M-95 Deagman
8%
TR-85
7%
Tank Ex
5%
M-91 Vihor
4%
Pokpung-ho
4%
Zulfiqar
4%
TR-125
3%

Score Distribution

Percentile by Number Answered

Percent of People with Each Score

Your Score History

You have not taken this quiz since the last reset